| 000 | 00370nam a2200145Ia 4500 | ||
|---|---|---|---|
| 003 | LK-CoDNM | ||
| 008 | 010623t xxu||||| |||| 00| 1 eng d | ||
| 040 |
_aLK-CoDNM _dLK-CoDNM _eLK-CoDNM |
||
| 041 | _aeng | ||
| 080 | _a308(540) DUB | ||
| 100 | _aDube, s.c. | ||
| 245 | _aIndia's Changing Villages : Human Factors in community Development | ||
| 300 | _b cm | ||
| 942 | _cBK | ||
| 999 |
_c134719 _d134719 |
||